000 01758nab a2200277 a 4500
005 20250622130211.0
008 991125c2016 mx tr p o 000 0 spa d
035 _aUPN01000213943
040 _aMX-MxUPN
_bspa
_cMX-MxUPN
_eaacr2
049 _aART-E
100 1 _aAraiza Díaz, Erika
_6- miradile7@gmail.com
100 1 _aMartínez González, Roberto
_940408
245 1 0 _a“Hacer de la calle un museo de la calle”. El grafiti y sus actores en una colonia popular de Ecatepec, Estado de México
506 0 _aAcceso abierto
520 3 _aA partir de un caso de estudio, este trabajo describe cómo el fenómeno global del grafiti ha sido apropiado y resignificado por los habitantes de una colonia periférica de la Ciudad de México. Los relatos de los pintores callejeros explican el origen de tales manifestaciones en la guerra de pandillas que se desarrolló en la región hacia finales del siglo XX y cómo se desvincularon de la delincuencia para convertirse en instrumentos de crítica social. El análisis de la imagen es testimonio de los nuevos usos a los que se somete la pinta callejera y las clases de contenido que circulan por este medio. Se señala que si la comunidad estima y promueve la producción gráfica es porque ésta refleja los sentimientos de la colectividad.
650 4 _aGraffiti
_9258
650 2 _aAntropología urbana
_95812
650 2 _aJóvenes
_95660
653 0 _aAnálisis de la imagen
653 0 5 _aEcatepec de Morelos, Estado de México
773 _gNo. 51 (2016), p. 110-119
_tDesacatos : revista de antropología social
_x1607-050X
856 4 _uhttps://desacatos.ciesas.edu.mx/index.php/Desacatos/article/view/1586
902 _aGloria Jiménez/070225
905 _aArticulo
942 _cART-E
999 _c186043
_d186043